00609 2200217 4500001002100000005001700021008004100038020002200079035002400101040001200125082001000137090002000147100001300167245007600180260002700256300002600283504001200309650003400321850001200355990002400367YOGYA-0112000000034620120109192601.0 ind  a978-979-29-1727-7 0010-011200000000346 aYOPDYOG a372.7 aDEP 372.7 Ret S aRETNA .G aSTMJ : (Singkat , Tepat , Mudah , Jelas ) Pandai Matematika Kelas W S D aYogyakartabAndic2010 aX, 187hlmbilusc23cm ahlm 187 aMatematika (Pendidikan Dasar) aYOPDYOG aCB-D.11 2010 - 2111